| 000 | 01632nam1a2200301 i 4500 | ||
|---|---|---|---|
| 001 | RU\NLR\BIBL_A\010926358 | ||
| 005 | 20240921163154.0 | ||
| 035 | _a(NLR Aleph) 010926358 | ||
| 090 |
_a10702140 _c10702140 |
||
| 100 | _a20150728g20149999km y0rusy50 ca | ||
| 101 | 0 | _arus | |
| 102 | _aRU | ||
| 105 | _a||||z|||||||| | ||
| 200 | 1 |
_aРегиональный рынок интеллектуальной собственности _fАбдуллин А. Л., Арсланов В. А., Газизов И. С. [и др.] _gпод ред. д-ра экон. наук, проф., чл.-кор. Акад. наук РТ В. В. Хоменко _gАкад. наук Респ. Татарстан |
|
| 205 | _aИзд. 2-е, доп. | ||
| 210 |
_aКазань _cАкадемия наук РТ _cБриг _d2014 |
||
| 215 | _d21 | ||
| 300 | _aНа обороте тит. л. авт.: Абдуллин А. Л. - д.т.н., проф., акад., Арсланов В. А. - к.т.н., доц., Газизов И. С. - к.б.н. [и др.] | ||
| 606 | 1 |
_aИнтеллектуальная собственность _xРегиональные рынки _yРоссийская Федерация _92266285 _3RU\NLR\AUTH\6601587991 |
|
| 686 | 1 | _aХ623.4 | |
| 701 | 1 |
_aАбдуллин _bА. Л. _gАйрат Лесталевич |
|
| 701 | 1 |
_aАрсланов _bВ. А. _gВенер Абдуллович |
|
| 701 | 1 |
_aГазизов _bИ. С. _gИльдар Сабирович |
|
| 702 | 1 |
_aХоменко _bВ. В. _gВадим Васильевич _4340 |
|
| 852 |
_aNLR _j2015-3/23809 |
||
| 942 | _cBOOK | ||